<?xml version="1.0" encoding="UTF-8"?>
<marc:record xmlns:marc="http://www.loc.gov/MARC21/slim">
   <marc:leader>00000nam a2200000 a 4500</marc:leader>
   <marc:datafield ind1="1" ind2=" " tag="100">
      <marc:subfield code="a">Meissner, Susan</marc:subfield>
      <marc:subfield code="4">aut</marc:subfield>
      <marc:subfield code="e">Verfasser/-in</marc:subfield>
   </marc:datafield>
   <marc:datafield ind1="1" ind2=" " tag="100">
      <marc:subfield code="a">Meissner, Susan</marc:subfield>
   </marc:datafield>
   <marc:datafield ind1="0" ind2="0" tag="245">
      <marc:subfield code="a">Leih mir deine Flügel</marc:subfield>
   </marc:datafield>
   <marc:datafield ind1="0" ind2="0" tag="245">
      <marc:subfield code="b">Roman</marc:subfield>
   </marc:datafield>
   <marc:datafield ind1="0" ind2="0" tag="245">
      <marc:subfield code="c">Susan Meissner. [Aus dem Engl. übers. von Antje Balters</marc:subfield>
   </marc:datafield>
   <marc:datafield ind1=" " ind2="1" tag="264">
      <marc:subfield code="a">Asslar</marc:subfield>
      <marc:subfield code="b">GerthMedien</marc:subfield>
      <marc:subfield code="c">2007</marc:subfield>
   </marc:datafield>
   <marc:datafield ind1=" " ind2=" " tag="250">
      <marc:subfield code="a">2. Aufl.</marc:subfield>
   </marc:datafield>
   <marc:datafield ind1="1" ind2=" " tag="520">
      <marc:subfield code="a">Angaben aus der Verlagsmeldung

Leih mir deine Flügel : Roman / von Susan Meissner

Die schüchterne Megan ist sieben, als sie die gleichaltrige, selbstbewusste Jen kennenlernt. Von da an ist alles anders. Megan beginnt mit Jens Hilfe, ihre Hemmungen zu überwinden und sich zu entfalten. Die beiden Mädchen sind unzertrennlich – doch dann geschieht etwas Schreckliches: Jen wird vor Megans Augen entführt und bleibt spurlos verschwunden.

Megan braucht Jahre, um dieses dramatische Ereignis zu verarbeiten. Nur ganz langsam gelingt es ihr, wieder neuen Lebensmut zu fassen und sich anderen Menschen zu öffnen. Doch dann erhält sie einen Anruf von einer jungen Frau, die behauptet, die vor 15 Jahren entführte Jen zu sein …
</marc:subfield>
   </marc:datafield>
   <marc:datafield ind1=" " ind2=" " tag="020">
      <marc:subfield code="a">9783865911834</marc:subfield>
      <marc:subfield code="9">9783865911834</marc:subfield>
   </marc:datafield>
   <marc:datafield ind1=" " ind2=" " tag="020">
      <marc:subfield code="a">3865911838</marc:subfield>
      <marc:subfield code="9">3865911838</marc:subfield>
   </marc:datafield>
   <marc:datafield ind1=" " ind2=" " tag="041">
      <marc:subfield code="a">ger</marc:subfield>
   </marc:datafield>
   <marc:datafield ind1=" " ind2=" " tag="300">
      <marc:subfield code="a">331 S.</marc:subfield>
   </marc:datafield>
</marc:record>
